With will Adams through Japan

List of contents includes: A terrible voyage, the land of the rising sun, at the court of the shogun, facing fujiyama, captain saris of the clove, will and the east India company...

Gardado en:
Detalles Bibliográficos
Autor Principal: Mannin, Ethel
Formato: Libro
Idioma:Undetermined
Publicado: London, Eng. Frederick Muller Ltd. 1962
Những chủ đề:
Các nhãn: Engadir etiqueta
Sen Etiquetas, Sexa o primeiro en etiquetar este rexistro!
Thư viện lưu trữ: Trung tâm Học liệu Trường Đại học Cần Thơ
LEADER 00753nam a2200205Ia 4500
001 CTU_113175
008 210402s9999 xx 000 0 und d
082 |a 915.2 
082 |b M283 
100 |a Mannin, Ethel 
245 0 |a With will Adams through Japan 
245 0 |c Ethel Mannin; Illustrated by Harry Toothill 
260 |a London, Eng. 
260 |b Frederick Muller Ltd. 
260 |c 1962 
520 |a List of contents includes: A terrible voyage, the land of the rising sun, at the court of the shogun, facing fujiyama, captain saris of the clove, will and the east India company... 
650 |a Japan 
650 |x Social life and customs,Juvenile literature 
904 |i Minh 
980 |a Trung tâm Học liệu Trường Đại học Cần Thơ